<?xml version="1.0" encoding="UTF-8"?>
<record
    xmlns:xsi="http://www.w3.org/2001/XMLSchema-instance"
    xsi:schemaLocation="http://www.loc.gov/MARC21/slim http://www.loc.gov/standards/marcxml/schema/MARC21slim.xsd"
    xmlns="http://www.loc.gov/MARC21/slim">

  <leader>01616nam a2200397 a 4500</leader>
  <datafield tag="952" ind1=" " ind2=" ">
    <subfield code="0">0</subfield>
    <subfield code="1">0</subfield>
    <subfield code="2">ddc</subfield>
    <subfield code="4">0</subfield>
    <subfield code="7">0</subfield>
    <subfield code="8">NFIC</subfield>
    <subfield code="a">ASL</subfield>
    <subfield code="b">ASL</subfield>
    <subfield code="c">ASBP</subfield>
    <subfield code="d">2017-01-12</subfield>
    <subfield code="e">ASB Publications</subfield>
    <subfield code="h">ASP-062</subfield>
    <subfield code="l">0</subfield>
    <subfield code="o">581 TWO</subfield>
    <subfield code="p">100323</subfield>
    <subfield code="r">2017-01-12 00:00:00</subfield>
    <subfield code="t">C-1</subfield>
    <subfield code="w">2017-01-12</subfield>
    <subfield code="y">BK</subfield>
  </datafield>
  <datafield tag="952" ind1=" " ind2=" ">
    <subfield code="0">0</subfield>
    <subfield code="1">0</subfield>
    <subfield code="2">ddc</subfield>
    <subfield code="4">0</subfield>
    <subfield code="7">0</subfield>
    <subfield code="8">NFIC</subfield>
    <subfield code="a">ASL</subfield>
    <subfield code="b">ASL</subfield>
    <subfield code="c">GEN</subfield>
    <subfield code="d">2017-01-12</subfield>
    <subfield code="e">ASB Publications</subfield>
    <subfield code="h">ASP-062</subfield>
    <subfield code="l">0</subfield>
    <subfield code="o">581 TWO</subfield>
    <subfield code="p">100324</subfield>
    <subfield code="r">2017-01-12 00:00:00</subfield>
    <subfield code="t">C-2</subfield>
    <subfield code="w">2017-01-12</subfield>
    <subfield code="y">BK</subfield>
    <subfield code="z">RARE</subfield>
  </datafield>
  <datafield tag="952" ind1=" " ind2=" ">
    <subfield code="0">0</subfield>
    <subfield code="1">0</subfield>
    <subfield code="2">ddc</subfield>
    <subfield code="4">0</subfield>
    <subfield code="7">0</subfield>
    <subfield code="8">NFIC</subfield>
    <subfield code="a">ASL</subfield>
    <subfield code="b">ASL</subfield>
    <subfield code="c">GEN</subfield>
    <subfield code="d">2017-01-12</subfield>
    <subfield code="e">ASB Publications</subfield>
    <subfield code="h">ASP-062</subfield>
    <subfield code="l">0</subfield>
    <subfield code="o">581 TWO</subfield>
    <subfield code="p">100325</subfield>
    <subfield code="r">2017-01-12 00:00:00</subfield>
    <subfield code="t">C-3</subfield>
    <subfield code="w">2017-01-12</subfield>
    <subfield code="y">BK</subfield>
    <subfield code="z">RARE</subfield>
  </datafield>
  <datafield tag="952" ind1=" " ind2=" ">
    <subfield code="0">0</subfield>
    <subfield code="1">0</subfield>
    <subfield code="2">ddc</subfield>
    <subfield code="4">0</subfield>
    <subfield code="7">0</subfield>
    <subfield code="8">NFIC</subfield>
    <subfield code="a">ASL</subfield>
    <subfield code="b">ASL</subfield>
    <subfield code="c">GEN</subfield>
    <subfield code="d">2017-01-12</subfield>
    <subfield code="e">ASB Publications</subfield>
    <subfield code="h">ASP-062</subfield>
    <subfield code="l">0</subfield>
    <subfield code="o">581 TWO</subfield>
    <subfield code="p">100326</subfield>
    <subfield code="r">2017-01-12 00:00:00</subfield>
    <subfield code="t">C-4</subfield>
    <subfield code="w">2017-01-12</subfield>
    <subfield code="y">BK</subfield>
    <subfield code="z">RARE</subfield>
  </datafield>
  <datafield tag="952" ind1=" " ind2=" ">
    <subfield code="0">0</subfield>
    <subfield code="1">0</subfield>
    <subfield code="2">ddc</subfield>
    <subfield code="4">0</subfield>
    <subfield code="7">0</subfield>
    <subfield code="8">NFIC</subfield>
    <subfield code="a">ASL</subfield>
    <subfield code="b">ASL</subfield>
    <subfield code="c">GEN</subfield>
    <subfield code="d">2017-01-12</subfield>
    <subfield code="e">ASB Publications</subfield>
    <subfield code="h">ASP-062</subfield>
    <subfield code="l">0</subfield>
    <subfield code="o">581 TWO</subfield>
    <subfield code="p">100327</subfield>
    <subfield code="r">2017-01-12 00:00:00</subfield>
    <subfield code="t">C-5</subfield>
    <subfield code="w">2017-01-12</subfield>
    <subfield code="y">BK</subfield>
    <subfield code="z">RARE</subfield>
  </datafield>
  <datafield tag="952" ind1=" " ind2=" ">
    <subfield code="0">0</subfield>
    <subfield code="1">0</subfield>
    <subfield code="2">ddc</subfield>
    <subfield code="4">0</subfield>
    <subfield code="7">0</subfield>
    <subfield code="8">NFIC</subfield>
    <subfield code="a">ASL</subfield>
    <subfield code="b">ASL</subfield>
    <subfield code="c">GEN</subfield>
    <subfield code="d">2021-01-23</subfield>
    <subfield code="e">ASB Publications</subfield>
    <subfield code="h">ASP-062</subfield>
    <subfield code="l">0</subfield>
    <subfield code="o">581 TWO</subfield>
    <subfield code="p">104698</subfield>
    <subfield code="r">2021-01-23 00:00:00</subfield>
    <subfield code="t">C-6</subfield>
    <subfield code="w">2021-01-23</subfield>
    <subfield code="y">BK</subfield>
    <subfield code="z">RARE</subfield>
  </datafield>
  <datafield tag="952" ind1=" " ind2=" ">
    <subfield code="0">0</subfield>
    <subfield code="1">0</subfield>
    <subfield code="2">ddc</subfield>
    <subfield code="4">0</subfield>
    <subfield code="7">0</subfield>
    <subfield code="8">NFIC</subfield>
    <subfield code="a">ASL</subfield>
    <subfield code="b">ASL</subfield>
    <subfield code="c">GEN</subfield>
    <subfield code="d">2021-01-23</subfield>
    <subfield code="e">ASB Publications</subfield>
    <subfield code="h">ASP-062</subfield>
    <subfield code="l">0</subfield>
    <subfield code="o">581 TWO</subfield>
    <subfield code="p">104699</subfield>
    <subfield code="r">2021-01-23 00:00:00</subfield>
    <subfield code="t">C-7</subfield>
    <subfield code="w">2021-01-23</subfield>
    <subfield code="y">BK</subfield>
    <subfield code="z">RARE</subfield>
  </datafield>
  <datafield tag="952" ind1=" " ind2=" ">
    <subfield code="0">0</subfield>
    <subfield code="1">0</subfield>
    <subfield code="2">ddc</subfield>
    <subfield code="4">0</subfield>
    <subfield code="7">0</subfield>
    <subfield code="8">NFIC</subfield>
    <subfield code="a">ASL</subfield>
    <subfield code="b">ASL</subfield>
    <subfield code="c">GEN</subfield>
    <subfield code="d">2021-01-23</subfield>
    <subfield code="e">ASB Publications</subfield>
    <subfield code="h">ASP-062</subfield>
    <subfield code="l">0</subfield>
    <subfield code="o">581 TWO</subfield>
    <subfield code="p">104700</subfield>
    <subfield code="r">2021-01-23 00:00:00</subfield>
    <subfield code="t">C-8</subfield>
    <subfield code="w">2021-01-23</subfield>
    <subfield code="y">BK</subfield>
    <subfield code="z">RARE</subfield>
  </datafield>
  <datafield tag="952" ind1=" " ind2=" ">
    <subfield code="0">0</subfield>
    <subfield code="1">0</subfield>
    <subfield code="2">ddc</subfield>
    <subfield code="4">0</subfield>
    <subfield code="7">0</subfield>
    <subfield code="8">NFIC</subfield>
    <subfield code="a">ASL</subfield>
    <subfield code="b">ASL</subfield>
    <subfield code="c">GEN</subfield>
    <subfield code="d">2021-01-23</subfield>
    <subfield code="e">ASB Publications</subfield>
    <subfield code="h">ASP-062</subfield>
    <subfield code="l">0</subfield>
    <subfield code="o">581 TWO</subfield>
    <subfield code="p">104701</subfield>
    <subfield code="r">2021-01-23 00:00:00</subfield>
    <subfield code="t">C-9</subfield>
    <subfield code="w">2021-01-23</subfield>
    <subfield code="y">BK</subfield>
    <subfield code="z">RARE</subfield>
  </datafield>
  <datafield tag="952" ind1=" " ind2=" ">
    <subfield code="0">0</subfield>
    <subfield code="1">0</subfield>
    <subfield code="2">ddc</subfield>
    <subfield code="4">0</subfield>
    <subfield code="7">0</subfield>
    <subfield code="8">NFIC</subfield>
    <subfield code="a">ASL</subfield>
    <subfield code="b">ASL</subfield>
    <subfield code="c">GEN</subfield>
    <subfield code="d">2021-01-23</subfield>
    <subfield code="e">ASB Publications</subfield>
    <subfield code="h">ASP-062</subfield>
    <subfield code="l">0</subfield>
    <subfield code="o">581 TWO</subfield>
    <subfield code="p">104702</subfield>
    <subfield code="r">2021-01-23 00:00:00</subfield>
    <subfield code="t">C-10</subfield>
    <subfield code="w">2021-01-23</subfield>
    <subfield code="y">BK</subfield>
    <subfield code="z">RARE</subfield>
  </datafield>
  <datafield tag="952" ind1=" " ind2=" ">
    <subfield code="0">0</subfield>
    <subfield code="1">0</subfield>
    <subfield code="2">ddc</subfield>
    <subfield code="4">0</subfield>
    <subfield code="7">0</subfield>
    <subfield code="8">NFIC</subfield>
    <subfield code="a">ASL</subfield>
    <subfield code="b">ASL</subfield>
    <subfield code="c">GEN</subfield>
    <subfield code="d">2021-01-23</subfield>
    <subfield code="e">ASB Publications</subfield>
    <subfield code="h">ASP-062</subfield>
    <subfield code="l">0</subfield>
    <subfield code="o">581 TWO</subfield>
    <subfield code="p">104706</subfield>
    <subfield code="r">2021-01-23 00:00:00</subfield>
    <subfield code="t">C-11</subfield>
    <subfield code="w">2021-01-23</subfield>
    <subfield code="y">BK</subfield>
    <subfield code="z">RARE</subfield>
  </datafield>
  <datafield tag="999" ind1=" " ind2=" ">
    <subfield code="c">17555</subfield>
    <subfield code="d">17555</subfield>
  </datafield>
  <controlfield tag="001">4865996</controlfield>
  <controlfield tag="003">ASL</controlfield>
  <controlfield tag="005">20240117062540.0</controlfield>
  <controlfield tag="008">170112s1991    bg d     b   f100 0 eng  </controlfield>
  <datafield tag="010" ind1=" " ind2=" ">
    <subfield code="a">   91909722 </subfield>
  </datafield>
  <datafield tag="020" ind1=" " ind2=" ">
    <subfield code="c">Tk300.00 ($25.00 U.S.)</subfield>
    <subfield code="a">9845123368</subfield>
  </datafield>
  <datafield tag="025" ind1=" " ind2=" ">
    <subfield code="a">B-E-7042</subfield>
  </datafield>
  <datafield tag="040" ind1=" " ind2=" ">
    <subfield code="a">DLC</subfield>
    <subfield code="c">ASL</subfield>
    <subfield code="d">ASL</subfield>
  </datafield>
  <datafield tag="043" ind1=" " ind2=" ">
    <subfield code="a">a-bg---</subfield>
  </datafield>
  <datafield tag="050" ind1="0" ind2="0">
    <subfield code="a">SB52.B3</subfield>
    <subfield code="b">T86 1991</subfield>
  </datafield>
  <datafield tag="082" ind1=" " ind2=" ">
    <subfield code="a">581</subfield>
    <subfield code="b">TWO</subfield>
  </datafield>
  <datafield tag="245" ind1="0" ind2="0">
    <subfield code="a">Two centuries of plant studies in Bangladesh and adjacent regions /</subfield>
    <subfield code="c">edited by A.K.M. Nurul Islam.</subfield>
  </datafield>
  <datafield tag="260" ind1=" " ind2=" ">
    <subfield code="a">Dhaka:</subfield>
    <subfield code="b">Asiatic Society of Bangladesh,</subfield>
    <subfield code="c">1991.</subfield>
  </datafield>
  <datafield tag="300" ind1=" " ind2=" ">
    <subfield code="a">299 p. ;</subfield>
    <subfield code="c">24 cm.</subfield>
  </datafield>
  <datafield tag="440" ind1=" " ind2=" ">
    <subfield code="a">Asiatic Society of Bangladesh publication;</subfield>
    <subfield code="v">no. 62</subfield>
    <subfield code="9">274</subfield>
  </datafield>
  <datafield tag="500" ind1=" " ind2=" ">
    <subfield code="a">Papers and proceedings of a seminar held in 1989.</subfield>
  </datafield>
  <datafield tag="504" ind1=" " ind2=" ">
    <subfield code="a">Includes bibliographical references.</subfield>
  </datafield>
  <datafield tag="650" ind1=" " ind2="0">
    <subfield code="a">Agriculture</subfield>
    <subfield code="x">Research</subfield>
    <subfield code="z">Bangladesh</subfield>
    <subfield code="x">History</subfield>
    <subfield code="x">Congresses.</subfield>
    <subfield code="9">275</subfield>
  </datafield>
  <datafield tag="650" ind1=" " ind2="0">
    <subfield code="a">Plants, Cultivated</subfield>
    <subfield code="x">Research</subfield>
    <subfield code="z">Bangladesh</subfield>
    <subfield code="x">History</subfield>
    <subfield code="x">Congresses.</subfield>
    <subfield code="9">276</subfield>
  </datafield>
  <datafield tag="650" ind1=" " ind2="0">
    <subfield code="a">Botany</subfield>
    <subfield code="x">Research</subfield>
    <subfield code="z">Bangladesh</subfield>
    <subfield code="x">History</subfield>
    <subfield code="x">Congresses.</subfield>
    <subfield code="9">277</subfield>
  </datafield>
  <datafield tag="650" ind1=" " ind2="0">
    <subfield code="a">Plant diseases</subfield>
    <subfield code="x">Research</subfield>
    <subfield code="z">Bangladesh</subfield>
    <subfield code="x">History</subfield>
    <subfield code="x">Congresses.</subfield>
    <subfield code="9">278</subfield>
  </datafield>
  <datafield tag="650" ind1=" " ind2="0">
    <subfield code="a">Agriculture</subfield>
    <subfield code="z">Bangladesh</subfield>
    <subfield code="x">Congresses.</subfield>
    <subfield code="9">279</subfield>
  </datafield>
  <datafield tag="650" ind1=" " ind2="0">
    <subfield code="a">Plants, Cultivated</subfield>
    <subfield code="z">Bangladesh</subfield>
    <subfield code="x">Congresses.</subfield>
    <subfield code="9">280</subfield>
  </datafield>
  <datafield tag="650" ind1=" " ind2="0">
    <subfield code="a">Botany</subfield>
    <subfield code="z">Bangladesh</subfield>
    <subfield code="x">Congresses.</subfield>
    <subfield code="9">281</subfield>
  </datafield>
  <datafield tag="650" ind1=" " ind2="0">
    <subfield code="a">Plant diseases</subfield>
    <subfield code="z">Bangladesh</subfield>
    <subfield code="x">Congresses.</subfield>
    <subfield code="9">282</subfield>
  </datafield>
  <datafield tag="700" ind1="2" ind2=" ">
    <subfield code="a">Islam, A. K. M. Nurual</subfield>
    <subfield code="9">283</subfield>
  </datafield>
  <datafield tag="710" ind1="1" ind2=" ">
    <subfield code="a">Asiatic Society of Bangladesh.</subfield>
    <subfield code="9">11</subfield>
  </datafield>
  <datafield tag="906" ind1=" " ind2=" ">
    <subfield code="a">7</subfield>
    <subfield code="b">cbc</subfield>
    <subfield code="c">orignew</subfield>
    <subfield code="d">3</subfield>
    <subfield code="e">ncip</subfield>
    <subfield code="f">19</subfield>
    <subfield code="g">y-gencatlg</subfield>
  </datafield>
  <datafield tag="942" ind1=" " ind2=" ">
    <subfield code="2">ddc</subfield>
    <subfield code="c">BK</subfield>
  </datafield>
</record>
